书目信息 |
| 题名: |
学生余暇体育指南
|
|
| 作者: | 曲宗湖 主编 ;李金龙 , 李建英 编著 | |
| 分册: | ||
| 出版信息: | 北京 人民体育出版社 2002.06 |
|
| 页数: | 180页, [3] 页图版 | |
| 开本: | 21cm | |
| 丛书名: | 21世纪体育教师继续教育丛书 | |
| 单 册: | ||
| 中图分类: | G807.7 | |
| 科图分类: | ||
| 主题词: | 业余体育--ye yu ti yu--高等师范教育--自学参考资料 | |
| 电子资源: | ||
| ISBN: | 7-5009-2284-1 | |
| 000 | 01219nam 2200289 450 | |
| 001 | 012007404900 | |
| 005 | 20070926172745.85 | |
| 010 | @a7-5009-2284-1@dCNY12.00 | |
| 100 | @a20070815d2002 km y0chiy0120 ea | |
| 101 | 0 | @achi |
| 102 | @aCN@b110000 | |
| 105 | @aafh a 000yy | |
| 200 | 1 | @a学生余暇体育指南@Axue sheng yu xia ti yu zhi nan@f曲宗湖主编@Fqu zong hu zhu bian@g李金龙, 李建英编著@Gli jin long,li jian ying bian zhu |
| 210 | @a北京@c人民体育出版社@d2002.06 | |
| 215 | @a180页, [3] 页图版@c图, 摹真@d21cm | |
| 225 | 2 | @a21世纪体育教师继续教育丛书@A21 shi ji ti yu jiao shi ji xu jiao yu cong shu |
| 314 | @a曲宗湖(1936~),中国学校体育研究会副理事长、中国中学生体协副主席。著有《学生余暇体育指南》。 | |
| 320 | @a有书目 (第179-180页)。 | |
| 330 | @a本书分5章,内容包括学生余暇体育概述、学生余暇体育的产生与发展、学生余暇体育的功能、丰富多采的学生余暇体育生活、学生余暇体育应注意的问题。 | |
| 410 | 0 | @12001 @a21世纪体育教师继续教育丛书 |
| 606 | 0 | @a业余体育@Aye yu ti yu@x高等师范教育@j自学参考资料 |
| 690 | @aG807.7@v4 | |
| 701 | 0 | @a曲宗湖@Aqu zong hu@4主编 |
| 702 | 0 | @a李金龙@Ali jin long@4编著 |
| 702 | 0 | @a李建英@Ali jian ying@4编著 |
| 801 | 0 | @aCN@c20070926 |
| 905 | @dG807.7@eQ801 | |
| 学生余暇体育指南/曲宗湖主编/李金龙, 李建英编著.-北京:人民体育出版社,2002.06 |
| 180页, [3] 页图版:图, 摹真;21cm.-(21世纪体育教师继续教育丛书) |
| ISBN 7-5009-2284-1:CNY12.00 |
| 本书分5章,内容包括学生余暇体育概述、学生余暇体育的产生与发展、学生余暇体育的功能、丰富多采的学生余暇体育生活、学生余暇体育应注意的问题。 |
| ● |
| 相关链接 |
|
|
|
正题名:学生余暇体育指南
索取号:G807.7/Q801
 
预约/预借
| 序号 | 登录号 | 条形码 | 馆藏地/架位号 | 状态 | 备注 |
| 1 | 246244 | 202462441 | 体育教学部资料室/ [索取号:G807.7/Q801] | 在馆 |